| 000 | 00637cam a2200217 4500 | ||
|---|---|---|---|
| 001 | 315603 | ||
| 005 | 20180301070204.0 | ||
| 008 | 740221s1974 nyua b 001 0 eng | ||
| 010 | _a 74003008 | ||
| 020 | _a0471791776 | ||
| 040 |
_aDLC _cDLC _dDLC |
||
| 041 | _aeng | ||
| 080 | _a547.34/6 ROB | ||
| 082 | 0 | 0 | _a547.34/6 ROB |
| 100 | 1 | _a11 | |
| 101 | _aKIM | ||
| 245 | 1 | 0 |
_aSpectrometric identification of organic compounds _c[by] Robert M. Silverstein, G. Clayton Bassler [and] Terence C. Morrill. |
| 504 | _aIncludes bibliographical references. | ||
| 906 |
_a7 _bcbc _corignew _d1 _eocip _f19 _gy-gencatlg |
||
| 942 |
_2ddc _cBK |
||
| 999 |
_c43821 _d43821 |
||